[Event "2 Flims Chess Open"]
[Site "Flims (CH)"]
[Date "2013.06.15"]
[Round "1.1"]
[White "Benenati, Gianfranco"]
[Black "Qendro, Llambi"]
[Result "0-1"]
[WhiteElo "1847"]
[BlackElo "2324"]
[PlyCount "92"]
[EventDate "2013.06.15"]

1. e4 g6 2. d4 Bg7 3. Nf3 d6 4. Bc4 Nf6 5. e5 dxe5 6. Nxe5 O-O 7. O-O Nbd7 8.
Nxd7 Bxd7 9. Nc3 Bf5 10. Be3 Qd6 11. f3 c6 12. Ne2 Nd5 13. Bxd5 Qxd5 14. Ng3
Rfd8 15. c3 b5 16. Nxf5 Qxf5 17. Qe2 a5 18. Bf2 Rd7 19. Qe4 Qxe4 20. fxe4 e5
21. dxe5 Bxe5 22. Be3 Rd3 23. Bf4 Re8 24. Bxe5 Rxe5 25. Rae1 Kg7 26. Rf3 Rxf3
27. gxf3 f5 28. Kf2 fxe4 29. fxe4 Kf6 30. Kf3 Rh5 31. Re2 Rh4 32. Kg3 g5 33.
Rf2+ Ke6 34. Rf5 Rxe4 35. Rxg5 Re2 36. Rh5 Rxb2 37. Rxh7 Rxa2 38. Ra7 a4 39. h4
Rc2 40. h5 Rxc3+ 41. Kg4 Rc1 42. h6 Rh1 43. h7 a3 44. Rxa3 Rxh7 45. Ra6 Kd5 46.
Kf4 Re7 0-1

[Event "2 Flims Chess Open"]
[Site "Flims (CH)"]
[Date "2013.06.15"]
[Round "1.2"]
[White "Bigg, Andrew J"]
[Black "Grigioni, Giulio"]
[Result "1-0"]
[WhiteElo "2310"]
[BlackElo "1824"]
[PlyCount "47"]
[EventDate "2013.06.15"]

1. d4 d5 2. c4 c6 3. Nf3 dxc4 4. e3 b5 5. a4 e6 6. axb5 Bb4+ (6... cxb5 7. b3
Bb4+ 8. Bd2 Bxd2+ 9. Nbxd2 a5 10. bxc4 b4 11. Ne5 Nf6 12. Qa4+ Nfd7 13. c5 O-O
14. Ndc4 Nxe5 15. Nxe5 Bb7 16. c6 Ba6 17. Bxa6 Rxa6 18. O-O f6 19. Nd3 Rxc6 20.
Nc5) 7. Bd2 Bxd2+ 8. Nbxd2 cxb5 9. b3 Ne7 (9... a5 10. bxc4 b4) 10. bxc4 b4 11.
Bd3 Bb7 12. O-O O-O 13. Qb1 a5 14. Bxh7+ Kh8 15. Be4 Bxe4 16. Qxe4 Nd5 17. cxd5
exd5 18. Qg4 g6 19. Ne5 Ra6 20. f4 Kg7 21. f5 g5 22. f6+ Rxf6 23. Qxg5+ Rg6 24.
Rxf7+ 1-0

[Event "2 Flims Chess Open"]
[Site "Flims (CH)"]
[Date "2013.06.15"]
[Round "1.3"]
[White "Papa, Angelo"]
[Black "Kunz, Konstantin"]
[Result "0-1"]
[WhiteElo "1814"]
[BlackElo "2184"]
[PlyCount "66"]
[EventDate "2013.06.15"]

1. d4 Nf6 2. c4 e6 3. Nf3 b6 4. g3 Ba6 5. Qa4 Bb7 6. Bg2 c5 7. O-O cxd4 8. Nxd4
Bxg2 9. Kxg2 Qc7 10. Nc3 Qb7+ (10... Be7 11. Rd1 O-O) 11. Kg1 a6 12. Qb3 Bc5
13. Nf3 d6 14. Na4 Nbd7 15. Bd2 O-O 16. Rad1 h6 17. Bc1 Rfd8 18. Nxc5 Nxc5 19.
Qe3 b5 20. cxb5 axb5 21. Qf4 Nce4 22. g4 g5 23. Qe3 Nxg4 24. Qd3 d5 25. h4 gxh4
26. Nxh4 Qb6 27. e3 Qb8 28. Nf3 Rxa2 29. Qb3 Ra1 30. Bd2 Rxd1 31. Qxd1 Ng5 32.
Kg2 Nxf3 33. Kxf3 Nh2+ 0-1

[Event "2 Flims Chess Open"]
[Site "Flims (CH)"]
[Date "2013.06.15"]
[Round "1.4"]
[White "Boschetti, Claudio"]
[Black "Coqueraut, Jean Dominique"]
[Result "1-0"]
[WhiteElo "2136"]
[BlackElo "1806"]
[PlyCount "31"]
[EventDate "2013.06.15"]

1. e4 d6 2. d4 e5 3. Nf3 Nd7 4. Bc4 Be7 (4... c6) 5. dxe5 Nb6 (5... Nxe5 6.
Nxe5 dxe5 7. Qh5) 6. Bb3 Be6 (6... a5) 7. Bxe6 fxe6 8. exd6 cxd6 (8... Qxd6) 9.
O-O Rc8 10. c3 Bf6 (10... Nf6) 11. a4 (11. Qb3) 11... Qd7 12. a5 Na8 13. Be3 a6
14. Qb3 h6 (14... Ne7 15. Rd1 Ng6 16. Nd4 Bxd4 17. Rxd4 O-O) 15. Rd1 Ne7 (15...
e5) 16. e5 1-0

[Event "2 Flims Chess Open"]
[Site "Flims (CH)"]
[Date "2013.06.15"]
[Round "1.5"]
[White "Britschgi, Michèle"]
[Black "Meyer, Peter"]
[Result "1/2-1/2"]
[WhiteElo "1630"]
[BlackElo "2030"]
[PlyCount "78"]
[EventDate "2013.06.15"]

1. e4 e6 2. d4 d5 3. exd5 exd5 4. Bd3 Nf6 5. Bf4 Bd6 6. Bxd6 Qxd6 7. Nf3 O-O 8.
O-O Bg4 9. Nbd2 Nc6 (9... Nbd7 10. c3 c6 11. Re1 Rfe8 12. Qc2 Bh5 13. Nh4 Bg6
14. g3 Bxd3) 10. c3 Nd8 11. Qc2 Ne6 12. g3 c5 13. Rfe1 Rac8 14. dxc5 Nxc5 15.
Bf5 Bxf5 16. Qxf5 Nce4 17. Rad1 Qb6 18. Nxe4 Nxe4 19. Re2 Qa6 20. Rde1 Qxa2 21.
Nd4 Qc4 22. Qd7 Rc7 23. Qg4 Nf6 24. Qg5 h6 25. Qd2 Ne4 26. Qf4 Ng5 27. Kg2 b5
28. Re8 Rc8 29. Rxf8+ Rxf8 30. Re7 a5 31. Qe3 b4 32. cxb4 axb4 33. Qe5 Ra8 34.
Re8+ Rxe8 35. Qxe8+ Kh7 36. Qe5 Qc8 37. Nf5 f6 38. Qxd5 Qe6 39. Qxe6 Nxe6
1/2-1/2

[Event "2 Flims Chess Open"]
[Site "Flims (CH)"]
[Date "2013.06.15"]
[Round "1.6"]
[White "Gardi, Giuseppe"]
[Black "Naegelin, Lars"]
[Result "0-1"]
[WhiteElo "2007"]
[BlackElo "1566"]
[PlyCount "94"]
[EventDate "2013.06.15"]

1. d4 Nf6 2. c4 e6 3. Nf3 b6 4. g3 Bb7 5. Bg2 d6 6. O-O (6. Nc3 Ne4 7. Nxe4
Bxe4 8. O-O Be7 9. b3 O-O 10. Bb2 Bf6 11. Qd2 d5 12. Rac1 Na6 13. Rfd1 Rc8 14.
c5 c6 15. a3 Qe7 16. b4 b5) 6... Be7 7. Nc3 O-O (7... Ne4 8. Bd2 Nd7) 8. Qc2 (
8. d5 e5 9. Rb1 a5 10. a3 Qd7 11. b4) 8... d5 9. b3 (9. Ne5 c6 10. Rd1 Nfd7 11.
Nxd7 Nxd7 12. b3 f5 13. e3 Bd6 14. Ne2) 9... Nbd7 10. Bb2 Rc8 11. cxd5 exd5 12.
Qf5 Bb4 13. Ne5 Bxc3 14. Bxc3 Qe7 15. Nxd7 Qxd7 16. Qxd7 Nxd7 17. Bh3 Rcd8 18.
Rfc1 c6 19. a4 Rfe8 20. e3 a6 21. b4 Nf6 22. b5 cxb5 23. axb5 a5 24. Bb2 Bc8
25. Bf1 Bd7 26. Ba3 Rc8 27. Bd3 Ne4 28. Rc6 Bxc6 29. bxc6 Re6 30. f3 Nf6 31.
Bf5 Rcxc6 32. Bxe6 Rxe6 33. Kf2 Rc6 34. Ra2 h6 35. Ke2 g5 36. Kd3 g4 37. e4
gxf3 38. e5 Ne4 39. Bb2 f2 40. Ra1 b5 41. Rf1 b4 42. Bc1 Rc3+ 43. Ke2 Rc2+ 44.
Kd3 Rc3+ 45. Ke2 b3 46. Bxh6 b2 47. Be3 a4 0-1

[Event "2 Flims Chess Open"]
[Site "Flims (CH)"]
[Date "2013.06.15"]
[Round "1.7"]
[White "Tour, Elena"]
[Black "Naegelin, Luis"]
[Result "0-1"]
[WhiteElo "1566"]
[BlackElo "1895"]
[PlyCount "60"]
[EventDate "2013.06.15"]

1. d4 Nf6 2. e3 e6 3. Nc3 (3. Nf3 b6 4. c4 Bb7) 3... Bb4 4. Bd2 b6 5. Qf3 d5 6.
Bd3 Bb7 7. Qh3 c5 8. dxc5 bxc5 9. Nf3 Nc6 10. O-O Bc8 11. Qh4 c4 12. Be2 Be7
13. Rad1 e5 14. Qg5 Ng4 15. Qh5 (15. Qxg7 Bf6) 15... g6 16. Nxe5 Ncxe5 17. Qh3
Nxf2 18. Qg3 Neg4 19. Rxf2 Bh4 20. Qf3 Bxf2+ 21. Qxf2 Nxf2 22. Kxf2 Qh4+ 23.
Kg1 O-O 24. Nxd5 Bb7 25. Be1 Qg5 26. Nf4 Rfe8 27. Bf2 Rad8 28. Rf1 Rd2 29. Bxc4
Rxe3 30. Bxe3 Rxg2+ 0-1

[Event "2 Flims Chess Open"]
[Site "Flims (CH)"]
[Date "2013.06.16"]
[Round "2.1"]
[White "Qendro, Llambi"]
[Black "Boschetti, Claudio"]
[Result "1/2-1/2"]
[WhiteElo "2324"]
[BlackElo "2136"]
[PlyCount "27"]
[EventDate "2013.06.15"]

1. d4 c5 2. d5 e5 3. c4 d6 4. e4 Nf6 5. Nc3 Be7 6. g3 Na6 7. Bg2 Nc7 8. a4 b6
9. Nge2 h5 10. h4 a6 11. Bg5 Rb8 12. O-O Ng4 13. Bxe7 Qxe7 14. Qd2 1/2-1/2

[Event "2 Flims Chess Open"]
[Site "Flims (CH)"]
[Date "2013.06.16"]
[Round "2.2"]
[White "Naegelin, Luis"]
[Black "Bigg, Andrew J"]
[Result "0-1"]
[WhiteElo "1895"]
[BlackElo "2310"]
[PlyCount "58"]
[EventDate "2013.06.15"]

1. e4 e6 2. d4 d5 3. Nc3 Bb4 4. e5 Ne7 5. Nf3 c5 6. Be3 Qa5 7. a3 Bxc3+ 8. bxc3
cxd4 9. Bxd4 Nbc6 10. Bd3 Nxd4 11. Nxd4 Qxc3+ 12. Kf1 Bd7 13. Nf3 Ng6 14. Qe1
Qxe1+ 15. Rxe1 Rc8 16. g3 Rc3 17. Ra1 f6 18. exf6 gxf6 19. Kg2 e5 20. Rhe1 O-O
21. Bxg6 hxg6 22. Ra2 Bc6 23. Re3 Rc5 24. c3 Rd8 25. Rd2 Ra5 26. c4 d4 27. Rb3
Rc5 28. Rb1 Rxc4 29. Rbd1 Rc3 0-1

[Event "2 Flims Chess Open"]
[Site "Flims (CH)"]
[Date "2013.06.16"]
[Round "2.3"]
[White "Kunz, Konstantin"]
[Black "Naegelin, Lars"]
[Result "1-0"]
[WhiteElo "2184"]
[BlackElo "1566"]
[PlyCount "97"]
[EventDate "2013.06.15"]

1. d4 Nf6 2. Nf3 e6 3. Bf4 b6 4. e3 Bb7 5. Bd3 d6 (5... Be7) 6. Nbd2 Nbd7 7.
O-O Be7 8. h3 (8. c3 O-O 9. Qc2) 8... O-O 9. a3 (9. Bh2 Re8 10. Qe2 Nf8 11. Bb5
c6 12. Ba6 Bxa6 13. Qxa6 c5 14. Rfd1 Qc8 15. Qxc8) 9... c5 10. Qe2 d5 11. c4
Rc8 12. Rad1 h6 13. Ne5 Nxe5 14. dxe5 Nh7 15. Qg4 Bg5 16. Bg3 Qd7 17. h4 Be7
18. Nf3 f5 19. exf6 Nxf6 20. Qh3 Bd6 21. Ne5 Bxe5 22. Bxe5 Qf7 23. f3 Rcd8 24.
Rfe1 Rd7 25. cxd5 Bxd5 26. Bc2 a6 27. e4 Bc4 28. Ba4 Bb5 29. Bxb5 axb5 30. Bxf6
Rxd1 31. Rxd1 Qxf6 32. Rd2 Kh8 33. Qg3 Rd8 34. Rxd8+ Qxd8 35. Qe5 Qd4+ 36. Qxd4
cxd4 37. e5 g5 38. h5 Kg7 39. Kf2 Kf7 40. Ke2 Ke7 41. Kd3 Kd7 42. Kxd4 Kc6 43.
g4 Kc7 44. f4 gxf4 45. g5 f3 46. Ke3 hxg5 47. Kxf3 Kd7 48. h6 Ke7 49. h7 1-0

[Event "2 Flims Chess Open"]
[Site "Flims (CH)"]
[Date "2013.06.16"]
[Round "2.4"]
[White "Meyer, Peter"]
[Black "Gardi, Giuseppe"]
[Result "1/2-1/2"]
[WhiteElo "2030"]
[BlackElo "2007"]
[PlyCount "48"]
[EventDate "2013.06.15"]

1. d4 d6 2. Nf3 Nf6 3. c4 g6 4. Nc3 Bg7 5. e4 O-O 6. Be2 Bg4 7. Be3 Nfd7 8. h3
Bxf3 9. Bxf3 c5 10. O-O Na6 11. d5 Nc7 12. Qd2 e6 13. dxe6 Nxe6 14. Be2 Nd4 15.
Nb5 Qb6 16. Rfd1 Nxb5 17. cxb5 Nf6 18. f3 Rad8 19. Bc4 a6 20. bxa6 bxa6 21.
Rab1 a5 22. b3 Ne8 23. Qe1 Nc7 24. Bd2 Rde8 1/2-1/2

[Event "2 Flims Chess Open"]
[Site "Flims (CH)"]
[Date "2013.06.16"]
[Round "2.5"]
[White "Benenati, Gianfranco"]
[Black "Britschgi, Michèle"]
[Result "1-0"]
[WhiteElo "1847"]
[BlackElo "1630"]
[PlyCount "77"]
[EventDate "2013.06.15"]

1. e4 d5 2. e5 d4 3. Bc4 e6 4. f4 Ne7 5. Nf3 Nbc6 6. O-O Nf5 7. Bd3 Bc5 8. a3
a6 9. b4 Ba7 10. Bb2 O-O 11. Qe2 b5 12. Kh1 Bb7 13. Be4 Rb8 14. g4 Nh4 15. d3
f5 16. exf6 Qxf6 17. Nxh4 Qxh4 18. Nd2 Nd8 19. Bxb7 Rxb7 20. Ne4 Nc6 21. Nc5
Rb6 22. Nd7 Re8 23. Nxb6 Bxb6 24. Qe4 Nd8 25. Bxd4 Bxd4 26. Qxd4 Nf7 27. Qd7
Kf8 28. f5 e5 29. Qxc7 Qxg4 30. Qc5+ Kg8 31. Qc6 Rf8 32. Rae1 Qd4 33. Rg1 Nd8
34. Qg2 Rf7 35. Re4 Qc3 36. Rg4 Qc7 37. Qd5 Qc6 38. Rxg7+ Kf8 39. Rxf7+ 1-0

[Event "2 Flims Chess Open"]
[Site "Flims (CH)"]
[Date "2013.06.16"]
[Round "2.6"]
[White "Grigioni, Giulio"]
[Black "Tour, Elena"]
[Result "1-0"]
[WhiteElo "1824"]
[BlackElo "1566"]
[PlyCount "105"]
[EventDate "2013.06.15"]

1. f4 e6 2. Nf3 Be7 (2... Nf6 3. e3 d5 4. b3 c5 5. Bb2 Be7) 3. e3 Nc6 4. b3 d5
5. Bb2 Nf6 6. a3 Bd7 7. Nc3 a6 8. Bd3 h6 9. Ne2 O-O 10. Ng3 Nh7 11. Nh5 g6 12.
Ng3 f5 13. h4 Be8 14. c4 dxc4 15. Bxc4 Bf7 16. h5 g5 17. fxg5 Bxg5 18. Qc2 Qd6
19. Ne2 Rad8 20. b4 b5 21. Bb3 Rd7 22. Rc1 Ne7 23. Be5 Qb6 24. Qb2 Nd5 25. Bxd5
exd5 26. Ned4 Be6 27. Rc6 Qa7 28. Rxe6 c5 29. Rg6+ Kf7 30. Rg7+ Ke8 31. Rxd7
Qxd7 32. bxc5 f4 33. Qc2 fxe3 34. Qg6+ Rf7 35. O-O exd2 36. Rd1 Be3+ 37. Kh2
Nf8 38. Qxa6 Rf5 39. Qa8+ Kf7 40. Nxf5 Qxf5 41. Qxd5+ Ne6 42. Qd7+ Kg8 43. Qe8+
Nf8 44. Nxd2 Bf4+ 45. Bxf4 Qxf4+ 46. Kh1 Qh4+ 47. Kg1 Qd4+ 48. Kf1 Qf4+ 49. Nf3
Qc4+ 50. Qe2 Qxc5 51. Qd2 Qxh5 52. Qd5+ Qxd5 53. Rxd5 1-0

[Event "2 Flims Chess Open"]
[Site "Flims (CH)"]
[Date "2013.06.16"]
[Round "2.7"]
[White "Coqueraut, Jean Dominique"]
[Black "Papa, Angelo"]
[Result "1/2-1/2"]
[WhiteElo "1806"]
[BlackElo "1814"]
[PlyCount "58"]
[EventDate "2013.06.15"]

1. Nf3 g6 2. d4 Bg7 3. c4 d6 4. Nc3 Nf6 5. e3 O-O 6. Bd3 Nbd7 7. O-O e5 8. Qc2
(8. b3 Re8 9. Bc2 c6 10. Bb2 exd4 11. Nxd4 Nc5 12. Qd2 d5 13. cxd5 Nxd5 14.
Nxd5 Qxd5 15. b4 Ne6) 8... c6 (8... Qe7 9. d5 Nc5 10. e4) 9. b4 a5 (9... Re8)
10. b5 Re8 11. Bb2 d5 (11... Qe7 12. Be2) 12. dxe5 (12. cxd5 cxd5 13. dxe5 Nxe5
14. Nxe5 Rxe5 15. Ne2 Re7 16. Rac1) 12... Ng4 (12... dxc4 13. Bxc4 Nxe5 14.
Nxe5 Rxe5 15. Rfd1) 13. cxd5 cxd5 14. Nxd5 Ndxe5 15. Nxe5 Bxe5 16. Bxe5 Rxe5
17. Nf4 (17. Nc7 Nxh2 18. Kxh2 Qh4+ 19. Kg1 Rh5 20. f4 Qh2+ 21. Kf2 Qh4+ 22. g3
Qe7 23. Rh1 Rc5 24. Qb2 Qxc7 25. Rxh7 Rc3 26. Rah1 Qc5 27. g4) 17... Qg5 18. h3
(18. Rac1) 18... Rc5 19. Qb2 (19. Qd2 Ne5 20. Be2 Bd7 21. Rfc1 Rxb5 22. Rc7 Bc6
) 19... Ne5 20. Be2 Qf6 (20... Bf5) 21. Qd4 Rc2 22. Bd1 (22. Bd3 Qg5 23. Qa4
Rc5 24. Be2) (22. Nd5 Qd6 23. Nb6 Qxd4 24. exd4 Rxe2 25. Nxa8 Nd3 26. Nc7 Bd7
27. d5 Kf8 28. f3 Rc2 29. d6) 22... Rc4 23. Qd5 Bf5 24. Qxb7 (24. Bb3 Be4 25.
Qd2 Rb4 26. f3) 24... Be4 25. Nd5 Qd8 26. Ne7+ Kg7 27. Nc6 Nxc6 (27... Qg5 28.
f3 Qxe3+ 29. Kh1 Bxc6 30. bxc6 Ra7 31. Qb5) 28. bxc6 Rxc6 29. Qb2+ Kg8 1/2-1/2

[Event "2 Flims Chess Open"]
[Site "Flims (CH)"]
[Date "2013.06.17"]
[Round "3.1"]
[White "Bigg, Andrew J"]
[Black "Kunz, Konstantin"]
[Result "1-0"]
[WhiteElo "2310"]
[BlackElo "2184"]
[PlyCount "65"]
[EventDate "2013.06.15"]

1. d4 Nf6 2. Bg5 d5 3. Bxf6 exf6 4. e3 g6 5. c4 dxc4 6. Bxc4 Bg7 7. Nc3 c6 8.
h4 h5 9. Nge2 f5 10. Nf4 Nd7 11. Qc2 Qf6 12. g3 O-O 13. O-O Bh6 14. Nce2 a5 15.
a3 a4 16. Rac1 Bg7 17. Rfd1 Kh8 18. Ba2 Ra6 19. Nd3 Ra5 20. Qd2 b6 21. Rc3 Bb7
22. Nef4 c5 23. Ne5 Nxe5 24. dxe5 Qc6 25. Bd5 Qc7 26. e6 Be5 27. exf7 Bxf4 28.
exf4 Bxd5 29. Qxd5 Rxf7 30. Qe6 Rg7 31. Rcd3 Ra8 32. Rd7 Qc8 33. Qf6 1-0

[Event "2 Flims Chess Open"]
[Site "Flims (CH)"]
[Date "2013.06.17"]
[Round "3.2"]
[White "Meyer, Peter"]
[Black "Qendro, Llambi"]
[Result "0-1"]
[WhiteElo "2030"]
[BlackElo "2324"]
[PlyCount "26"]
[EventDate "2013.06.15"]

1. d4 g6 2. c4 Bg7 3. e4 d6 4. Nc3 Nf6 5. Nf3 O-O 6. Be2 e5 7. O-O exd4 8. Nxd4
Nc6 9. Be3 Re8 10. f3 Nh5 11. Qd2 Nxd4 12. Bxd4 Nf4 13. Bxg7 Qg5 0-1

[Event "2 Flims Chess Open"]
[Site "Flims (CH)"]
[Date "2013.06.17"]
[Round "3.3"]
[White "Boschetti, Claudio"]
[Black "Naegelin, Luis"]
[Result "1-0"]
[WhiteElo "2136"]
[BlackElo "1895"]
[PlyCount "47"]
[EventDate "2013.06.15"]

1. e4 c5 2. d4 cxd4 3. c3 dxc3 4. Nxc3 e5 (4... Nc6 5. Bc4 e6 6. Nf3) 5. Bc4
Nf6 6. Nf3 Nc6 7. Ng5 Bb4 8. Bxf7+ Ke7 9. Bb3 Rf8 10. O-O Bxc3 11. bxc3 h6 12.
Nf3 Nxe4 13. Re1 Nc5 14. Nxe5 Nxe5 15. Rxe5+ Ne6 16. Bxe6 dxe6 17. Ba3+ Kf7 18.
Bxf8 Qxf8 19. Qd4 Ke7 20. Rd1 b6 21. Rd3 Qg8 22. Qb4+ Kf6 23. Rf3+ Kg6 24. Qe4#
1-0

[Event "2 Flims Chess Open"]
[Site "Flims (CH)"]
[Date "2013.06.17"]
[Round "3.4"]
[White "Naegelin, Lars"]
[Black "Benenati, Gianfranco"]
[Result "0-1"]
[WhiteElo "1566"]
[BlackElo "1847"]
[PlyCount "146"]
[EventDate "2013.06.15"]

1. e4 c5 2. Nf3 Nc6 3. d4 cxd4 4. Nxd4 g6 5. Be3 Bg7 6. c3 Nf6 7. Nd2 O-O 8.
Bd3 d6 9. O-O Ng4 10. Qe2 Nxe3 11. Qxe3 Qb6 12. N4b3 Ne5 13. Rab1 Bd7 14. h3
Rac8 15. Rfd1 Ba4 16. Re1 Nxd3 17. Qxd3 Rfd8 18. Nd4 Bd7 19. N2f3 e5 20. Nc2
Be6 21. Nb4 Bc4 22. Qd2 Rd7 23. Nd5 Qd8 24. a3 Bxd5 25. Qxd5 Rc5 26. Qd3 Qc7
27. Red1 Qc6 28. Qe2 Bh6 29. Rd3 Rc4 30. Rd5 Rc5 31. Rbd1 Rxd5 32. Rxd5 f5 33.
Qd1 Bg7 34. Ng5 Bf6 35. Ne6 b6 36. exf5 gxf5 37. h4 Kf7 38. Ng5+ Bxg5 39. hxg5
Ke6 40. Rd2 Rg7 41. Qh5 Qd7 42. Qh4 d5 43. Re2 Qe7 44. Qd4 e4 45. f4 Qc5 46.
Rc2 Rc7 47. Rd2 a5 48. Kh2 Qxd4 49. Rxd4 h6 50. gxh6 Rh7 51. Kg1 Rxh6 52. Rd1
Rh4 53. g3 Rh8 54. Kg2 b5 55. Rd2 Kd6 56. Rd1 a4 57. Rd4 Re8 58. Kf2 Kc5 59.
Rb4 Rh8 60. Kg2 Re8 61. Rd4 Rc8 62. Kf2 Re8 63. Rb4 Rg8 64. Kg2 Kc6 65. Kf2 Kb6
66. Rd4 Kc5 67. Rb4 Rd8 68. Rd4 Kd6 69. Rb4 Rb8 70. Rd4 Re8 71. Rb4 Kc5 72. Kg2
e3 73. Kf3 e2 0-1

[Event "2 Flims Chess Open"]
[Site "Flims (CH)"]
[Date "2013.06.17"]
[Round "3.5"]
[White "Papa, Angelo"]
[Black "Grigioni, Giulio"]
[Result "0-1"]
[WhiteElo "1814"]
[BlackElo "1824"]
[PlyCount "66"]
[EventDate "2013.06.15"]

1. d4 c5 2. d5 e5 3. e4 d6 4. Nc3 Be7 5. h3 Bg5 6. Bxg5 Qxg5 7. Nf3 Qd8 8. Bd3
Ne7 9. O-O O-O 10. Qe2 Ng6 11. Rae1 Nf4 12. Qe3 f5 13. Bc4 Qf6 14. exf5 Bxf5
15. Ne4 Bxe4 16. Qxe4 Nxh3+ 17. Kh2 Nf4 18. Rh1 Nd7 19. Kg1 Qg6 20. g3 Qxe4 21.
Rxe4 Nf6 22. Re3 Ng6 23. Ng5 Ng4 24. Re2 Nh6 25. Bd3 Rf6 26. Ne4 Rff8 27. Nxd6
Rf6 28. Ne4 Rb6 29. c4 Rc8 30. Rd2 Nf5 31. Ng5 Nd4 32. Bxg6 Rxg6 33. Rh5 Rxg5
0-1

[Event "2 Flims Chess Open"]
[Site "Flims (CH)"]
[Date "2013.06.17"]
[Round "3.6"]
[White "Britschgi, Michèle"]
[Black "Coqueraut, Jean Dominique"]
[Result "1-0"]
[WhiteElo "1630"]
[BlackElo "1806"]
[PlyCount "33"]
[EventDate "2013.06.15"]

1. e4 g6 2. d4 Bg7 3. Nf3 d6 4. Bc4 c6 5. a3 (5. Nc3 Nf6) 5... Nf6 6. Qd3 b5 (
6... d5 7. exd5 cxd5) 7. Ba2 O-O 8. Bg5 h6 (8... d5 9. exd5 Bf5 10. Qe2 Nxd5
11. Bxd5 Qxd5 12. Nc3 Qe6 13. Be3 Nd7 14. O-O-O) 9. Bxf6 (9. Bh4) 9... Bxf6 10.
O-O c5 (10... e5) 11. e5 (11. Bd5) 11... dxe5 (11... Bf5 12. Qxb5 dxe5 13. dxe5
Bg7 14. Qxc5) 12. Qxg6+ Bg7 13. Bxf7+ Rxf7 14. Nxe5 Rf5 15. Ng4 Rg5 (15... Rf6
16. Nxh6+ Kf8 17. Qe4 Nc6 18. d5 Rxh6 19. dxc6 Bxb2 20. Ra2 Qc7 21. h3 Bg7 22.
c4 bxc4 23. Re1 Rb8 24. Rc2 Re6 25. Qf3+ Rf6 26. Qd5 Bf5 27. Rcc1 Bh6 28. Rxc4
Rxb1 29. Rxb1 Bxb1 30. Rxc5 Bg6) 16. Nxh6+ Kf8 (16... Kh8 17. Nf7+ Kg8 18. Nxg5
e6 19. dxc5) 17. Qf7# 1-0

[Event "2 Flims Chess Open"]
[Site "Flims (CH)"]
[Date "2013.06.17"]
[Round "3.7"]
[White "Gardi, Giuseppe"]
[Black "Tour, Elena"]
[Result "1-0"]
[WhiteElo "2007"]
[BlackElo "1566"]
[PlyCount "65"]
[EventDate "2013.06.15"]

1. d4 d6 2. c4 Nf6 3. Nc3 Nc6 4. e4 Bd7 5. d5 Ne5 6. f4 Ng6 7. Nf3 e6 8. Bd3 e5
9. f5 Ne7 10. Bg5 Nc8 11. O-O c6 12. Qe2 c5 13. a3 Be7 14. Nd2 Qb6 15. Rfb1 Qc7
16. b4 b6 17. Bh4 Qd8 18. Bf2 h5 19. Nf3 Ng4 20. Be1 Bg5 21. Nxg5 Qxg5 22. Bd2
Qe7 23. h3 Nf6 24. Bg5 Rb8 25. Qe1 Rb7 26. Qh4 a6 27. a4 cxb4 28. Rxb4 Na7 29.
Rab1 Nc8 30. a5 Qd8 31. Qf2 b5 32. cxb5 Qxa5 33. Qd2 1-0

[Event "2 Flims Chess Open"]
[Site "Flims (CH)"]
[Date "2013.06.18"]
[Round "4.1"]
[White "Qendro, Llambi"]
[Black "Bigg, Andrew J"]
[Result "1-0"]
[WhiteElo "2324"]
[BlackElo "2310"]
[PlyCount "69"]
[EventDate "2013.06.15"]

1. d4 Nf6 2. c4 g6 3. Nc3 Bg7 4. e4 d6 5. f3 O-O 6. Bg5 Nbd7 7. Qd2 c6 8. Nh3
Re8 9. Nf2 a6 10. Be2 b5 11. O-O Bb7 12. Rad1 Qa5 13. a3 Rad8 14. Rfe1 Qc7 15.
Qc1 Qb8 16. Bf1 Rc8 17. Qe3 e5 18. dxe5 Nxe5 19. Qd2 Rcd8 20. cxb5 axb5 21. Qf4
Re6 22. Qh4 Rde8 23. Ne2 Ned7 24. Nd4 R6e7 25. g3 d5 26. Bh3 h6 27. Bxh6 Bxh6
28. Qxh6 dxe4 29. Bxd7 Nxd7 30. Rxe4 Rxe4 31. Nxe4 c5 32. Nf5 gxf5 33. Rxd7
fxe4 34. Qg5+ Kf8 35. Qf6 1-0

[Event "2 Flims Chess Open"]
[Site "Flims (CH)"]
[Date "2013.06.18"]
[Round "4.2"]
[White "Kunz, Konstantin"]
[Black "Boschetti, Claudio"]
[Result "1-0"]
[WhiteElo "2184"]
[BlackElo "2136"]
[PlyCount "113"]
[EventDate "2013.06.15"]

1. d4 c5 2. c3 cxd4 3. cxd4 b6 4. Bf4 Bb7 5. e3 Nf6 6. h3 d6 7. Nf3 Nbd7 8. Nc3
a6 9. Be2 h6 10. Qb3 e6 11. Bh2 Be7 12. O-O O-O 13. Rfd1 Ra7 14. Nd2 Qa8 15.
Bf3 Bxf3 16. Nxf3 Rc8 17. Qa3 Ne8 18. Qb3 d5 19. Qc2 b5 20. Qd3 Bd6 21. a4 b4
22. Ne2 Bxh2+ 23. Kxh2 Nd6 24. Rdc1 Rac7 25. Nd2 Rxc1 26. Rxc1 Rxc1 27. Nxc1
Qc6 28. Ncb3 Nc4 29. Qc2 Ndb6 30. Nc5 a5 31. b3 Nxd2 32. Qxd2 Nd7 33. Nxd7 Qxd7
34. Qc2 f5 35. Qc5 Qd8 36. Kg3 Kf7 37. Kf3 Ke8 38. g3 Kd7 39. h4 g5 40. h5 Qc7
41. Qf8 Qc2 42. Qg7+ Kc8 43. Qxh6 Qe4+ 44. Ke2 Qc2+ 45. Kf1 Qb1+ 46. Kg2 Qe4+
47. Kh2 Qf3 48. Kg1 Qd1+ 49. Kg2 Qxb3 50. Qxg5 Qc2 51. h6 Qe4+ 52. Kh2 Qf3 53.
Kg1 f4 54. h7 Qd1+ 55. Kg2 f3+ 56. Kh2 Qxa4 57. h8=Q+ 1-0

[Event "2 Flims Chess Open"]
[Site "Flims (CH)"]
[Date "2013.06.18"]
[Round "4.3"]
[White "Grigioni, Giulio"]
[Black "Benenati, Gianfranco"]
[Result "1/2-1/2"]
[WhiteElo "1824"]
[BlackElo "1847"]
[PlyCount "76"]
[EventDate "2013.06.15"]

1. Nf3 d5 2. d3 c5 3. Nbd2 (3. g3) 3... Nc6 4. e4 d4 (4... e6 5. g3) 5. g3 e5
6. Bg2 Be7 7. O-O Be6 8. Qe2 Nf6 9. Ng5 Bg4 10. f3 Bd7 11. Nh3 Qc8 12. Nf2 Nb4
13. Nc4 Qc7 14. f4 Nc6 15. fxe5 Nxe5 16. Bf4 Bd6 17. Nxd6+ Qxd6 18. a4 Qe7 19.
c3 Bc6 20. cxd4 cxd4 21. b4 Ng6 22. Bd2 a6 23. Ng4 Nd5 24. Qf3 Nxb4 25. Bxb4
Qxb4 26. Qxf7+ Kd8 27. Qxg7 Re8 28. Qxh7 Ne5 29. Nxe5 Rxe5 30. Rf8+ Qxf8 31.
Rf1 Qa3 (31... Qc5) 32. Qg7 Re8 (32... Qd6) 33. Qxd4+ Kc7 34. Rf7+ Kb8 35. h4
Qxa4 (35... Bxa4) 36. Qd6+ Ka7 37. Qc5+ Kb8 38. Qd6+ Ka7 1/2-1/2

[Event "2 Flims Chess Open"]
[Site "Flims (CH)"]
[Date "2013.06.18"]
[Round "4.4"]
[White "Britschgi, Michèle"]
[Black "Gardi, Giuseppe"]
[Result "0-1"]
[WhiteElo "1630"]
[BlackElo "2007"]
[PlyCount "101"]
[EventDate "2013.06.15"]

1. e4 d6 2. d4 g6 3. Nf3 Bg7 4. c3 Nf6 5. d5 (5. Bd3 O-O 6. O-O Nbd7) 5... Nxe4
(5... O-O) 6. Qa4+ c6 7. Qxe4 cxd5 8. Qxd5 O-O 9. Be2 Nd7 10. Be3 Nf6 11. Qd1
Bd7 12. O-O b5 13. Nd4 a6 14. Bf3 Rc8 15. Nd2 e5 16. Nc2 d5 17. Nb3 Bf5 18. Nb4
e4 19. Be2 a5 20. Na6 Bd7 21. Nac5 b4 22. Nxd7 Qxd7 23. cxb4 axb4 24. Nc5 Qe7
25. Rc1 h5 26. Rc2 Rfd8 27. Bd4 Bh6 28. Bxf6 Qxf6 29. Nd7 Qd6 30. Rxc8 Rxc8 31.
Bb5 d4 32. Qe2 Qe7 33. Qxe4 Qc5 34. Bd3 Bg7 35. h3 Rd8 36. Nb6 Qa5 37. Nc4 Qxa2
38. Qe7 Rf8 39. Qxb4 Qa7 40. b3 Rb8 41. Qd2 Rxb3 42. Qe1 Rxd3 43. Qe8+ Kh7 44.
Nd6 Bf6 45. Re1 Ra3 46. Ne4 Ra6 47. Nxf6+ Rxf6 48. Re7 Qa2 49. Re2 Qb1+ 50. Re1
Qf5 51. Rf1 0-1

[Event "2 Flims Chess Open"]
[Site "Flims (CH)"]
[Date "2013.06.18"]
[Round "4.5"]
[White "Naegelin, Luis"]
[Black "Meyer, Peter"]
[Result "0-1"]
[WhiteElo "1895"]
[BlackElo "2030"]
[PlyCount "120"]
[EventDate "2013.06.15"]

1. e4 e6 2. d4 d5 3. Nc3 Bb4 4. e5 c5 5. Nf3 cxd4 6. Nxd4 Bxc3+ 7. bxc3 Qc7 8.
Nb5 Qxe5+ 9. Qe2 Qxe2+ 10. Bxe2 Kd7 11. Bf4 Na6 12. Rd1 Nf6 13. c4 Ke7 14. O-O
Rd8 15. Rfe1 Bd7 16. cxd5 Nxd5 17. Bd6+ Kf6 18. f4 Bc6 19. g4 g6 20. Be5+ Ke7
21. g5 Kf8 22. Nd6 Nc5 23. h4 Nd7 24. Bg4 N7b6 25. c4 Ne7 26. h5 Nf5 27. hxg6
fxg6 28. Kf2 Nd7 29. Bxf5 exf5 30. Bf6 Nxf6 31. gxf6 Be4 32. Nxe4 fxe4 33.
Rxd8+ Rxd8 34. Rxe4 Rd7 35. Kf3 Kf7 36. Ke3 Kxf6 37. Kf3 h5 38. Re8 Rc7 39. Rb8
Rxc4 40. Rxb7 Ra4 41. Rb2 a6 42. Rd2 Ra3+ 43. Ke4 Ke6 44. Rc2 Ra4+ 45. Kf3 Kd5
46. Ke3 Ra3+ 47. Kf2 Ke4 48. Kg2 Kxf4 49. Kf2 Ra4 50. Kg2 g5 51. Kf2 h4 52. Kg2
g4 53. Kf2 h3 54. Kg1 g3 55. Kh1 Re4 56. Rc1 Re2 57. Ra1 Kf3 58. a4 Kf2 59. Rg1
Re1 60. Rxe1 Kxe1 0-1